[Event "Najdorf Memorial"]
[Site "Warsaw POL"]
[Date "2023.07.12"]
[Round "2.17"]
[White "Tomczak, Jacek"]
[Black "Jedrusik, Adam"]
[Result "1-0"]
[WhiteElo "2606"]
[BlackElo "1970"]

1. e4 c6 2. d4 d5 3. exd5 cxd5 4. c4 Nf6 5. Nc3 Nc6 6. Bg5 dxc4 7. Bxc4 h6
8. Bh4 Qxd4 9. Qxd4 Nxd4 10. O-O-O e5 11. f4 Bg4 12. Nf3 Bxf3 13. gxf3 Rc8
14. Bf1 Nd5 15. fxe5 Nxc3 16. bxc3 Nc6 17. Bh3 Rc7 18. Rhg1 Be7 19. Bg3 Bc5
20. Rge1 O-O 21. Bd7 Ne7 22. e6 Ba3+ 23. Kc2 Rc5 24. exf7+ Kxf7 25. Bd6 Ng6
26. Kb3 Rh8 27. Be6+ Kf6 28. Bxc5 Bxc5 29. Rd5 Nf8 30. Rf5+ Ke7 31. Rxc5
Nxe6 32. Rce5 1-0

[Event "Najdorf Memorial"]
[Site "Warsaw POL"]
[Date "2023.07.12"]
[Round "2.18"]
[White "Gagare, Shardul"]
[Black "Szewczyk, Mariusz"]
[Result "1-0"]
[WhiteElo "2480"]
[BlackElo "2128"]

1. d4 Nf6 2. c4 e6 3. Nf3 b6 4. g3 Bb7 5. Bg2 Bb4+ 6. Bd2 Be7 7. Nc3 Ne4 8.
d5 exd5 9. cxd5 Nxd2 10. Qxd2 O-O 11. O-O d6 12. Rac1 a6 13. Nd4 Nd7 14. b4
Re8 15. e3 Bf6 16. Nce2 b5 17. Nb3 Nb6 18. Na5 Rb8 19. Nd4 Bxd4 20. Qxd4 f5
21. h4 Re5 22. Nxb7 Rxb7 23. Rc6 Qe7 24. Rd1 Qf7 25. Qc3 Ra7 26. Bf3 h6 27.
h5 Re7 28. Qd4 Ra8 29. Rc3 Nc4 30. Rdc1 Nb6 31. Qd3 Ra7 32. Rd1 Re5 33. Qd4
Ra8 34. Rcd3 Re7 35. Qc3 Re5 36. Rd4 Ra7 37. Qc2 a5 38. a3 Nc4 39. a4 Nb6
40. bxa5 Rxa5 41. axb5 Rxb5 42. Qd3 Rc5 43. Kg2 Kh8 44. Rd2 Kg8 45. Rd1 Kh8
46. Qb3 Kg8 47. R1d2 Kh8 48. Rd1 Kg8 49. R1d3 Kf8 50. e4 fxe4 51. Bxe4 Qxh5
52. Rf3+ Ke7 53. Qb1 Rc4 54. Rxc4 Nxc4 55. Qc2 Nb6 56. Bg6 Qxf3+ 57. Kxf3
Nxd5 58. Qc6 Kd8 59. Qa8+ Kd7 60. Qg8 Ne7 61. Be8+ Kd8 62. Qh8 Nf5 63. Ba4+
Ke7 64. Qe8+ Kf6 65. Qf8+ Ke6 66. Kg2 h5 67. Be8 Kd5 68. Bxh5 c5 1-0

[Event "Najdorf Memorial"]
[Site "Warsaw POL"]
[Date "2023.07.12"]
[Round "2.19"]
[White "Romanishin, Oleg M"]
[Black "Markowski, Damian"]
[Result "1-0"]
[WhiteElo "2389"]
[BlackElo "2104"]

1. Nf3 Nf6 2. g3 g6 3. Bg2 Bg7 4. O-O c5 5. d4 cxd4 6. Nxd4 O-O 7. c4 Nc6
8. Nc3 Qa5 9. Nb3 Qh5 10. Nd5 d6 11. Nf4 Qe5 12. e4 Bg4 13. f3 Be6 14. Nd5
Rfc8 15. Rf2 Bd7 16. Bf4 Qe6 17. Rc1 b6 18. Be3 Rab8 19. Rd2 Ne8 20. Bf2 h5
21. f4 Qg4 22. Bf3 Qh3 23. f5 e5 24. Ne3 gxf5 25. Bg2 f4 26. Bxh3 Bxh3 27.
Nd5 Bg4 28. Qf1 Bh6 29. gxf4 exf4 30. h3 Be6 31. Nd4 Kh7 32. Nxc6 Rxc6 33.
Bd4 Rbc8 34. b3 f3 35. Qxf3 Bxd2 36. Qxh5+ Bh6 37. Be3 1-0

[Event "Najdorf Memorial"]
[Site "Warsaw POL"]
[Date "2023.07.12"]
[Round "2.20"]
[White "Rasmussen, Jonas H"]
[Black "Mueller, Magnus"]
[Result "0-1"]
[WhiteElo "1970"]
[BlackElo "2201"]

1. d4 Nf6 2. Nf3 g6 3. c4 Bg7 4. Nc3 O-O 5. g3 d6 6. Bg2 c5 7. O-O Nc6 8.
h3 cxd4 9. Nxd4 Nxd4 10. Qxd4 Be6 11. Qd3 Qc8 12. Qf3 Bxh3 13. Bxh3 Qxh3
14. Qxb7 Rab8 15. Qg2 Qxg2+ 16. Kxg2 Rfc8 17. Rb1 Rxc4 18. Bd2 Ne4 19. Nxe4
Rxe4 20. Kf3 Ra4 21. Rfc1 f5 22. Bg5 Rb7 23. a3 Kf7 24. Kg2 Rxb2 25. Rxb2
Bxb2 26. Rc7 Bf6 27. Be3 a6 28. Bc1 d5 29. Ra7 h5 30. f3 h4 31. Kh3 hxg3
32. Kxg3 Be5+ 33. Kg2 Bd6 34. Rd7 Ke8 35. Rb7 Bxa3 36. Bxa3 Rxa3 37. Kg3 g5
38. Rc7 Kf7 39. Rc6 e6 40. Kf2 Kf6 41. Rc8 Ra4 42. Ke3 Ke5 43. Rg8 g4 44.
fxg4 Rxg4 45. Ra8 Ra4 46. Re8 Ra2 47. Kd3 a5 48. Ke3 a4 49. Re7 a3 50. Ra7
Ra1 51. Ra4 a2 52. Kf2 d4 53. Kg2 Ke4 54. Kf2 e5 55. Ra3 Kf4 56. Kg2 e4 57.
Kh2 d3 0-1

[Event "Najdorf Memorial"]
[Site "Warsaw POL"]
[Date "2023.07.12"]
[Round "2.21"]
[White "Zubova, Mariya"]
[Black "Minald, Andrey"]
[Result "1/2-1/2"]
[WhiteElo "2163"]
[BlackElo "2091"]

1. e4 c6 2. d4 d5 3. exd5 cxd5 4. Bd3 Nc6 5. c3 Nf6 6. h3 g6 7. Nf3 Bf5 8.
Bb5 Rc8 9. Ne5 Bg7 10. O-O O-O 11. Bxc6 bxc6 12. b4 Nd7 13. Nxd7 Qxd7 14.
Nd2 e5 15. Nb3 Rfe8 16. Nc5 Qc7 17. Be3 h6 18. g4 Be6 19. Qd2 h5 20. f3
hxg4 21. hxg4 e4 22. Bf4 Qe7 23. fxe4 dxe4 24. Nxe4 Qh4 25. Nd6 Bd5 26. Qh2
Qxg4+ 27. Qg3 Qxg3+ 28. Bxg3 Re3 29. Nxc8 Rxg3+ 30. Kf2 Rg2+ 31. Ke1 Bc4
32. Rh1 Bh6 33. Ne7+ Kg7 34. Nxc6 Bd2+ 35. Kd1 Bxc3 36. Rc1 Rd2+ 37. Ke1
Re2+ 38. Kd1 Rd2+ 39. Ke1 Re2+ 40. Kd1 Rd2+ 1/2-1/2

[Event "Najdorf Memorial"]
[Site "Warsaw POL"]
[Date "2023.07.12"]
[Round "2.22"]
[White "Lasota, Adam"]
[Black "Karwowski, Kacper"]
[Result "0-1"]
[WhiteElo "1927"]
[BlackElo "2146"]

1. d4 d5 2. Bf4 Nf6 3. e3 e6 4. Nd2 Bd6 5. Bg3 O-O 6. Ngf3 c5 7. c3 Qc7 8.
Ne5 Nc6 9. Nxc6 Qxc6 10. Bd3 Qc7 11. Bxd6 Qxd6 12. f4 b5 13. O-O b4 14. g4
bxc3 15. bxc3 cxd4 16. cxd4 Qa3 17. Nb3 Ba6 18. Bxa6 Qxa6 19. Nc5 Qa3 20.
Re1 Rfc8 21. g5 Ne4 22. Nxe4 dxe4 23. Qb3 Qa5 24. Rec1 Qd2 25. Rc5 h6 26.
g6 Rxc5 27. gxf7+ Kh7 28. dxc5 Rf8 29. Rd1 Qe2 30. Rd7 Qe1+ 31. Kg2 Qe2+
32. Kg1 e5 33. c6 Qe1+ 34. Kg2 Qe2+ 35. Kg1 Qg4+ 36. Kh1 Qf3+ 37. Kg1 exf4
38. exf4 Qxf4 39. Qc2 Qe3+ 40. Kf1 Qf4+ 41. Kg1 g6 42. Rb7 e3 43. Qe2 Qg5+
44. Qg2 Qc5 45. Rb1 Rxf7 46. Kh1 Qe5 47. Rg1 Qd6 48. Rb1 Rf2 49. Qg3 Qxc6+
50. Kg1 Rf5 51. h4 e2 52. Qe3 Rf7 53. Qxe2 Qc5+ 54. Kh1 Qd5+ 55. Qg2 Rf3
56. Rb3 Rf1+ 57. Kh2 Qe5+ 58. Rg3 Rb1 59. Kh3 Rb2 60. Qf3 Qe6+ 61. Qg4
Qxg4+ 62. Rxg4 Rxa2 63. Rc4 Ra3+ 64. Kg4 h5+ 65. Kf4 Rh3 66. Ke5 Kh6 67.
Ra4 a5 68. Ke6 Rb3 69. Rxa5 Rb4 70. Ke5 Rxh4 71. Ra8 Rb4 72. Ra6 h4 73. Rc6
Ra4 74. Rb6 Kh5 75. Kf6 g5 76. Rb8 Rf4+ 77. Ke5 h3 78. Rg8 Kg4 79. Rg7 h2
80. Rh7 Kg3 81. Rh5 Rh4 82. Rxg5+ Kh3 0-1

[Event "Najdorf Memorial"]
[Site "Warsaw POL"]
[Date "2023.07.12"]
[Round "2.23"]
[White "Tsiapko, Andrii"]
[Black "Lisowski, Krzysztof"]
[Result "1-0"]
[WhiteElo "1996"]
[BlackElo "2128"]

1. d4 Nf6 2. Nf3 d5 3. c4 e6 4. g3 Bb4+ 5. Bd2 a5 6. Bg2 O-O 7. a3 Be7 8.
Qc2 dxc4 9. Qxc4 b6 10. Qc2 Ba6 11. Bg5 Ra7 12. O-O c5 13. dxc5 Bxc5 14.
Nc3 Nbd7 15. Rfd1 Qc8 16. Rac1 Rc7 17. e3 Re8 18. Qd2 h6 19. Bxf6 Nxf6 20.
Ne5 Be7 21. Na4 Rd8 22. Qe1 Rxd1 23. Rxd1 Bc5 24. Qd2 Bb5 25. Nc3 Be8 26.
Ne2 Be7 27. Nd4 Rc5 28. Nd3 Rc7 29. Ne5 Ba4 30. b3 Be8 31. b4 Ba4 32. Rb1
Bc2 33. Rc1 Be4 34. Ndc6 Bf8 35. Bxe4 Nxe4 36. Qc2 Nd6 37. Ne7+ Rxe7 38.
Qxc8 Nxc8 39. Rxc8 g5 40. Rd8 Kg7 41. Nd7 axb4 42. axb4 Rxd7 43. Rxd7 Bxb4
44. Rb7 Bc5 45. g4 Kg6 46. Kg2 f6 47. Rb8 h5 48. gxh5+ Kxh5 49. Re8 e5 50.
Kf3 Kg6 51. Ke4 Kf7 52. Rc8 Ke6 53. Rc6+ Bd6 54. Rxb6 f5+ 55. Kd3 e4+ 56.
Kc4 g4 57. Kd4 Ke7 58. Rb7+ Ke6 59. Rh7 Be5+ 60. Kc5 Bc3 61. Rh6+ Ke5 62.
h3 gxh3 63. Rxh3 Be1 64. Rh2 Ba5 65. Kc4 Be1 66. Kc5 Ba5 67. Kc6 Be1 68.
Kd7 Bb4 69. Ke8 Kf6 70. Kd7 Ke5 71. Kc6 Be1 72. Kc5 Ba5 73. Kc4 Be1 74. Kb3
Kd5 75. Kc2 Ke5 76. Kd1 Bb4 77. Ke2 Bd6 78. Rh1 Ke6 79. Ra1 Be5 80. Ra6+
Kd5 81. Kf1 Bd6 82. Kg2 Be5 83. Kh3 Bc3 84. Kh4 Be1 85. Kg5 Bxf2 86. Kf4
Bg1 87. Ra5+ Kc4 88. Ra3 Kb4 89. Ra1 Bh2+ 90. Kxf5 Kc5 91. Kxe4 Kd6 92.
Ra6+ Ke7 93. Kf5 Bd6 94. e4 Bc5 95. e5 Kf7 96. Rf6+ Ke7 97. Rh6 Kd7 98. Kf6
Be7+ 99. Kf7 Bc5 100. e6+ Kd8 101. Rh8+ 1-0

[Event "Najdorf Memorial"]
[Site "Warsaw POL"]
[Date "2023.07.12"]
[Round "2.24"]
[White "Kowalski, Igor"]
[Black "Dmochowska, Agnieszka"]
[Result "1-0"]
[WhiteElo "2380"]
[BlackElo "1977"]

1. d4 Nf6 2. c4 e6 3. Nf3 d5 4. g3 Bb4+ 5. Nbd2 O-O 6. Bg2 c6 7. O-O a5 8.
Qc2 Nbd7 9. e4 dxe4 10. Nxe4 Nxe4 11. Qxe4 Nf6 12. Qc2 Be7 13. Rd1 Qb6 14.
Be3 Qa6 15. Ne5 Nd7 16. h4 f6 17. Nd3 Rd8 18. Nf4 Nf8 19. c5 Bd7 20. h5 a4
21. Bf1 b5 22. cxb6 Qxb6 23. d5 c5 24. dxe6 Bxe6 25. Nxe6 Nxe6 26. Bc4 Re8
27. Qf5 Bf8 28. Bd3 g6 29. hxg6 hxg6 30. Qxf6 Bg7 31. Qxg6 Qxb2 32. Bc4 Qf6
33. Qxf6 Bxf6 34. Rab1 Kf8 35. Rd6 1-0

[Event "Najdorf Memorial"]
[Site "Warsaw POL"]
[Date "2023.07.12"]
[Round "2.25"]
[White "Czerwonski, Aleksander"]
[Black "Markuszewski, Maksymilian"]
[Result "0-1"]
[WhiteElo "2326"]
[BlackElo "2039"]

1. d4 d5 2. c4 c6 3. Nc3 Nf6 4. Nf3 e6 5. Bg5 dxc4 6. e4 b5 7. e5 h6 8. Bh4
g5 9. Nxg5 hxg5 10. Bxg5 Nbd7 11. g3 Bb7 12. exf6 c5 13. d5 Qb6 14. Bg2
O-O-O 15. O-O b4 16. Na4 Qa6 17. a3 Bxd5 18. Bxd5 Ne5 19. axb4 Rxd5 20.
Nxc5 Qc6 21. Qe2 Rxc5 22. bxc5 Nf3+ 23. Qxf3 Qxf3 24. Rxa7 Bxc5 25. Ra5 Bb6
26. Ra3 Qd5 27. h4 Kb7 28. Rc3 Bd4 29. Rc2 Rc8 30. Kh2 Qf3 31. Rd2 e5 32.
Kh3 Rc6 33. Rc1 Bxf2 34. Rc3 Qh1+ 35. Kg4 Bd4 36. Rf3 Qb1 37. Re2 Bxb2 38.
h5 Bd4 39. h6 Qg6 40. Rf5 c3 41. Rh2 Rc8 42. h7 c2 43. Rh6 c1=Q 44. Rxg6
Qd1+ 0-1

[Event "Najdorf Memorial"]
[Site "Warsaw POL"]
[Date "2023.07.12"]
[Round "2.26"]
[White "Kovalevsky, Stanislav"]
[Black "Budzisz, Adrian"]
[Result "1-0"]
[WhiteElo "2226"]
[BlackElo "2037"]

1. c4 c6 2. e4 d5 3. cxd5 cxd5 4. exd5 Nf6 5. Nc3 Nxd5 6. Bc4 e6 7. d4 Nc6
8. Nf3 Bb4 9. Qd3 Nb6 10. Bb3 Be7 11. O-O O-O 12. a3 Re8 13. Bc2 f5 14. Bb3
Kh8 15. Bf4 Bf6 16. Rad1 a6 17. Rfe1 Nd7 18. h4 Nf8 19. Bg5 Qb6 20. Nd5 Qd8
21. Nxf6 gxf6 22. Bh6 Re7 23. Qc3 Na7 24. d5 e5 25. d6 Re6 26. Nxe5 fxe5
27. Rxe5 Rxe5 28. Qxe5+ Qf6 29. Qxf6# 1-0

[Event "Najdorf Memorial"]
[Site "Warsaw POL"]
[Date "2023.07.12"]
[Round "2.27"]
[White "Saveljevs, Aleksandrs"]
[Black "Zdybel, Przemyslaw"]
[Result "0-1"]
[WhiteElo "2028"]
[BlackElo "2188"]

1. e4 c5 2. Nc3 a6 3. g3 b5 4. Bg2 Bb7 5. d3 e6 6. Nh3 Be7 7. O-O Qc7 8. f4
Nc6 9. f5 Nf6 10. Nf4 Nd4 11. fxe6 dxe6 12. Be3 O-O 13. Rc1 Rad8 14. a4 b4
15. Nb1 e5 16. Nh5 Nxh5 17. Qxh5 g6 18. Qd1 c4 19. Nd2 cxd3 20. Bxd4 Rxd4
21. Nb3 Rdd8 22. cxd3 Qb6+ 23. Kh1 Bc8 24. Qe2 Be6 25. Nd2 Bg5 26. Nc4 Qd4
27. Rcd1 f6 28. Bf3 h5 29. h4 Bh6 30. g4 hxg4 31. Bxg4 f5 32. Bh3 Bf4 33.
Rg1 Kh7 34. Bxf5 Rxf5 35. exf5 Bd5+ 36. Rg2 Bxc4 37. fxg6+ Kg7 38. Qh5 Rh8
39. dxc4 Rxh5 40. Rxd4 Rxh4+ 41. Kg1 exd4 42. Kf1 d3 43. Kf2 d2 44. Rg1 Bh6
45. b3 Rh3 0-1

[Event "Najdorf Memorial"]
[Site "Warsaw POL"]
[Date "2023.07.12"]
[Round "2.28"]
[White "Praczukowski, Stanislaw"]
[Black "Zaninotto, Franco"]
[Result "1/2-1/2"]
[WhiteElo "2147"]
[BlackElo "2026"]

1. d4 d5 2. c4 e6 3. Nf3 Nf6 4. g3 Bb4+ 5. Nbd2 O-O 6. Bg2 b6 7. O-O Bb7 8.
Ne5 Nbd7 9. Qa4 Bd6 10. Nxd7 Qxd7 11. Qxd7 Nxd7 12. cxd5 exd5 13. Nc4 Be7
14. Bf4 c6 15. Ne3 g6 16. Rac1 Rac8 17. Rfd1 f5 18. h4 Nf6 19. Bg5 Bd6 20.
Bxf6 Rxf6 21. Rc2 Re8 22. Nf1 f4 23. g4 Rfe6 24. Bf3 h6 25. Rdc1 Bf8 26. a3
Bg7 27. Rd1 Bf6 28. h5 Kg7 29. b4 Ba6 30. Rdd2 1/2-1/2

[Event "Najdorf Memorial"]
[Site "Warsaw POL"]
[Date "2023.07.12"]
[Round "2.29"]
[White "Gorkiewicz, Mateusz"]
[Black "Dalkowski, Rafal"]
[Result "1-0"]
[WhiteElo "2122"]
[BlackElo "2025"]

1. e4 c6 2. d4 d5 3. e5 Bf5 4. Nd2 e6 5. Nb3 Nd7 6. Nf3 Ne7 7. Be2 Rc8 8.
O-O h6 9. a4 Bh7 10. a5 Nf5 11. c4 dxc4 12. Bxc4 Be7 13. Qe2 O-O 14. Bd2 b5
15. Bd3 a6 16. g4 Nh4 17. Bxh7+ Kxh7 18. Nxh4 Bxh4 19. Rac1 Kg8 20. f4 Qe7
21. Qg2 Nb8 22. g5 c5 23. Qg4 c4 24. Na1 Nc6 25. Qxh4 Nxd4 26. Qf2 Nf5 27.
Nc2 Rfd8 28. Bb4 Qc7 29. Ne3 Nd4 30. Rcd1 Nc6 31. Bd6 Qxa5 32. gxh6 Qb6 33.
hxg7 Nd4 34. Qh4 Kxg7 35. Qf6+ Kg8 36. Kf2 1-0

[Event "Najdorf Memorial"]
[Site "Warsaw POL"]
[Date "2023.07.12"]
[Round "2.30"]
[White "Biesiadecki, Adam"]
[Black "Bazilius, Augustinas"]
[Result "1/2-1/2"]
[WhiteElo "2015"]
[BlackElo "2110"]

1. Nf3 Nf6 2. g3 g6 3. Bg2 Bg7 4. O-O O-O 5. d4 d5 6. c4 c6 7. cxd5 cxd5 8.
Nc3 Nc6 9. Ne5 Bf5 10. Nxc6 bxc6 11. Qa4 Qb6 12. Rd1 Nd7 13. e4 dxe4 14.
Bxe4 Bxe4 15. Nxe4 Rfd8 16. b3 c5 17. Be3 cxd4 18. Bxd4 Bxd4 19. Qxd4 Qxd4
20. Rxd4 Nb6 21. Rad1 Rxd4 22. Rxd4 Rc8 23. a4 f5 24. Nd2 e5 25. Rb4 Rc5
26. Kf1 Kf7 27. Ke2 Ke6 28. f3 Rd5 29. Nc4 Rd4 30. a5 Nxc4 31. bxc4 f4 32.
gxf4 exf4 33. Rb7 Rxc4 34. Rxh7 a6 35. Ra7 Rc6 36. Kd3 Kd5 37. Rd7+ Ke5
1/2-1/2

[Event "Najdorf Memorial"]
[Site "Warsaw POL"]
[Date "2023.07.12"]
[Round "2.31"]
[White "Orzechowski, Jacek"]
[Black "Taranowicz, Michal"]
[Result "0-1"]
[WhiteElo "2105"]
[BlackElo "2005"]

1. c4 f5 2. d4 Nf6 3. g3 g6 4. Bg2 Bg7 5. Nf3 d6 6. O-O O-O 7. Nc3 c6 8. b3
Nbd7 9. Ng5 Nb6 10. Qc2 h6 11. Nf3 Qc7 12. Nh4 Kh7 13. e4 e6 14. Re1 g5 15.
exf5 gxh4 16. fxe6+ Kh8 17. Qg6 hxg3 18. hxg3 Ng8 19. Bxh6 Bxh6 20. e7 Bf5
21. exf8=Q Rxf8 22. Qh5 Qg7 23. Qh4 Nd7 24. Ne4 Qg6 25. Bh3 d5 26. cxd5
cxd5 27. Nc5 Nxc5 28. dxc5 Bxh3 29. Qxh3 Qc2 30. Qf1 Nf6 31. Re2 Qxc5 32.
Qh3 Kg7 33. Qf5 Ne4 34. Qe5+ Kh7 35. Rd1 Rxf2 36. Rxe4 Rd2+ 0-1

[Event "Najdorf Memorial"]
[Site "Warsaw POL"]
[Date "2023.07.12"]
[Round "2.32"]
[White "Slomczewski, Michal"]
[Black "Lecki, Leonard"]
[Result "1-0"]
[WhiteElo "2101"]
[BlackElo "1995"]

1. e4 e5 2. Nc3 Nf6 3. f4 d5 4. fxe5 Nxe4 5. Qf3 f5 6. d3 Nxc3 7. bxc3 d4
8. Qg3 Nc6 9. Nf3 Be6 10. Be2 Qd7 11. O-O Bc5 12. c4 Bxc4 13. Ng5 O-O 14.
Bh5 Be6 15. Nxh7 f4 16. Bxf4 Kxh7 17. Bg6+ Kg8 18. Qh4 Rf5 19. Bg5 Ne7 20.
Bxe7 Bxe7 21. Qh7+ Kf8 22. Qh8+ Bg8 23. Rf2 Rf4 24. Rxf4+ Bf6 25. Rf5 a6
26. exf6 1-0

[Event "Najdorf Memorial"]
[Site "Warsaw POL"]
[Date "2023.07.12"]
[Round "2.33"]
[White "Majocha, Piotr"]
[Black "Adamski, Jan"]
[Result "1/2-1/2"]
[WhiteElo "1979"]
[BlackElo "2099"]

1. d4 Nf6 2. Nf3 e6 3. c4 Bb4+ 4. Nbd2 O-O 5. a3 Be7 6. e4 d6 7. Bd3 Nbd7
8. O-O e5 9. d5 a5 10. b3 Nc5 11. Bc2 c6 12. Rb1 cxd5 13. cxd5 Bd7 14. Re1
b5 15. b4 axb4 16. axb4 Na4 17. Bxa4 Rxa4 18. Nf1 Qb6 19. Be3 Qb7 20. Ng3
Rfa8 21. h3 Ra2 22. Nd2 Bd8 23. Ne2 Rc8 24. Qb3 Rca8 25. Nc3 R2a3 26. Qb2
h6 1/2-1/2

[Event "Najdorf Memorial"]
[Site "Warsaw POL"]
[Date "2023.07.12"]
[Round "2.34"]
[White "Sanz Losada, Victoriano"]
[Black "Kazmierowski, Tymon"]
[Result "0-1"]
[WhiteElo "2092"]
[BlackElo "1993"]

1. d4 Nf6 2. c4 e6 3. Nc3 Bb4 4. Qc2 d5 5. a3 Bxc3+ 6. Qxc3 O-O 7. Nf3 b6
8. Bf4 Ba6 9. e3 Nbd7 10. b4 Bxc4 11. Bxc4 dxc4 12. Qxc4 Rc8 13. b5 Nd5 14.
Bg5 f6 15. e4 fxg5 16. exd5 e5 17. Nxe5 Re8 18. O-O Nxe5 19. dxe5 Rxe5 20.
d6+ Kh8 21. dxc7 Qxc7 22. Qxc7 Rxc7 23. a4 h6 24. f4 Re2 25. Ra3 Rcc2 26.
Rg3 gxf4 27. Rxf4 Rc1+ 28. Rf1 Rxf1+ 29. Kxf1 Re4 30. Ra3 Kh7 31. Kf2 Kg6
32. Kf3 Kf5 33. h3 h5 34. Kf2 g5 35. Rf3+ Ke5 36. Rg3 Rf4+ 37. Ke2 g4 38.
Re3+ Kf5 39. Ra3 Rb4 40. Rd3 Ke4 41. Rd7 Rxa4 42. Rh7 Ra2+ 43. Kf1 Ke3 44.
Re7+ Kf4 45. hxg4 hxg4 46. Rd7 Ra1+ 47. Kf2 g3+ 48. Ke2 Ra2+ 49. Kf1 Rf2+
50. Kg1 Rb2 51. Kf1 Rf2+ 52. Kg1 Ra2 53. Kf1 Ke3 54. Re7+ Kd3 55. Rd7+ Kc4
56. Rg7 Kxb5 57. Rxg3 a5 58. Rb3+ Kc5 59. g4 a4 60. Rg3 Ra1+ 61. Kf2 a3 62.
g5 a2 63. Ra3 Rh1 0-1

[Event "Najdorf Memorial"]
[Site "Warsaw POL"]
[Date "2023.07.12"]
[Round "2.35"]
[White "Majek, Kacper"]
[Black "Babiarz, Arkadiusz"]
[Result "1-0"]
[WhiteElo "2090"]
[BlackElo "1976"]

1. e4 c5 2. Nf3 e6 3. d4 cxd4 4. Nxd4 Nc6 5. Nc3 a6 6. Nxc6 bxc6 7. Qd3 d5
8. Qg3 Nf6 9. Be2 d4 10. e5 dxc3 11. exf6 Qxf6 12. Bg5 Qf5 13. Rd1 Bd7 14.
Qc7 e5 15. g4 Qe6 16. Bc4 Qxg4 17. f3 Qf5 18. Qb7 Rd8 19. Bxd8 Bc5 20. Bb6
Bb4 21. Bf2 O-O 22. Qxb4 Qxf3 23. O-O Qg4+ 24. Bg3 Be6 25. b3 1-0

[Event "Najdorf Memorial"]
[Site "Warsaw POL"]
[Date "2023.07.12"]
[Round "2.36"]
[White "Korbal, Arkadiusz"]
[Black "Smietanska, Wiktoria"]
[Result "1/2-1/2"]
[WhiteElo "2080"]
[BlackElo "1964"]

1. d4 d5 2. Bf4 c5 3. e3 Nc6 4. c3 Nf6 5. Nd2 Bf5 6. Qb3 Qc8 7. Ngf3 e6 8.
Nh4 Bg4 9. h3 Bh5 10. g4 Bg6 11. Nxg6 hxg6 12. Bg2 b6 13. O-O Qd7 14. Nf3
Ne4 15. Rad1 f6 16. Qc2 g5 17. Bh2 Bd6 18. c4 Bxh2+ 19. Nxh2 cxd4 20. cxd5
exd5 21. Bxe4 dxe4 22. Qxe4+ Kf7 23. Rc1 Rac8 24. Nf3 Rxh3 25. Kg2 Rhh8 26.
Nxd4 Nxd4 27. exd4 Rcd8 28. Rfd1 Qd6 29. Qb7+ Rd7 30. Qf3 Qh2+ 31. Kf1 Qh1+
32. Qxh1 Rxh1+ 33. Ke2 Rxd1 34. Rxd1 Ke6 35. Kd3 Kd5 36. Re1 Rc7 37. Re8
Rc1 38. Rd8+ Ke6 39. Ra8 Rb1 40. Rxa7 Rxb2 41. f3 Kd5 42. Rd7+ Ke6 43. Rxg7
Rxa2 44. Rb7 Rb2 45. Rb8 Kd5 46. Rd8+ Ke6 47. Kc4 Ke7 48. Rb8 Kd6 49. Rd8+
Ke7 50. Rb8 Kd6 51. Rb7 Rb1 52. Rb8 Rb2 53. d5 b5+ 54. Kc3 Rf2 55. Rb6+
Kxd5 56. Rxf6 Re2 57. Rf5+ Re5 58. Rf8 1/2-1/2

[Event "Najdorf Memorial"]
[Site "Warsaw POL"]
[Date "2023.07.12"]
[Round "2.37"]
[White "Podgorski, Maciej"]
[Black "Flaata, Alexander R."]
[Result "1/2-1/2"]
[WhiteElo "1960"]
[BlackElo "2068"]

1. e4 c5 2. Nc3 g6 3. d4 cxd4 4. Qxd4 Nf6 5. Nf3 Nc6 6. Qa4 d6 7. e5 dxe5
8. Nxe5 Bd7 9. Nxd7 Nxd7 10. Bb5 Bg7 11. O-O O-O 12. Bxc6 Nb6 13. Qe4 bxc6
14. Qxc6 Rc8 15. Qb7 Bxc3 16. bxc3 Qc7 17. Qa6 Rfd8 18. Be3 Qxc3 19. Qxa7
Nd5 20. Bg5 Rc7 21. Qa4 f6 22. Bh6 Qxc2 23. Qg4 Qf5 24. Qxf5 gxf5 25. Rfd1
e6 26. Rd3 Rc3 27. Rxc3 Nxc3 28. Kf1 e5 29. g3 Ra8 30. Bd2 Nxa2 31. Ke2 Ra6
32. Rb1 Rc6 33. Rb3 Nc1+ 34. Bxc1 Rxc1 35. Rf3 f4 36. gxf4 e4 37. Rg3+ Kf7
38. Ke3 f5 39. Rg5 Kf6 40. Rh5 Rc3+ 41. Ke2 Kg6 42. Rg5+ Kf6 43. Rh5 Rc7
44. Kf1 Rg7 45. Rh6+ Kf7 46. h3 Kg8 47. Ke2 Rf7 48. f3 Kg7 49. Re6 exf3+
50. Kxf3 Ra7 51. h4 Kf7 52. Rd6 Ra3+ 53. Kg2 Ra2+ 54. Kf3 Ra3+ 55. Ke2 Rh3
56. Rh6 Kg7 57. Rh5 Kg6 58. Rg5+ Kf6 59. h5 Rh1 60. Kf2 Rh4 61. Kg3 Rh1 62.
Kg2 1/2-1/2

[Event "Najdorf Memorial"]
[Site "Warsaw POL"]
[Date "2023.07.12"]
[Round "2.39"]
[White "Niezhentsev, Kyrylo"]
[Black "Wadelek, Karol"]
[Result "1-0"]
[WhiteElo "2057"]
[BlackElo "1943"]

1. e4 c5 2. Nf3 d6 3. Bb5+ Bd7 4. Bxd7+ Qxd7 5. c4 Nc6 6. Nc3 Nf6 7. d4
cxd4 8. Nxd4 g6 9. f3 Bg7 10. Be3 O-O 11. O-O Rfc8 12. b3 Ne8 13. Qd2 Nc7
14. Rad1 Nxd4 15. Bxd4 Bxd4+ 16. Qxd4 Qc6 17. Kh1 b5 18. Rc1 bxc4 19. bxc4
Ne6 20. Qd2 Rab8 21. Nd5 Rb7 22. f4 Nc5 23. Rfe1 f6 24. Rb1 Rcb8 25. Nxe7+
Rxe7 26. Rxb8+ Kg7 27. e5 fxe5 28. fxe5 Nd7 29. Rb5 Nxe5 30. Rd5 Re6 31. c5
Nf3 32. Qc3+ Ne5 33. Qd4 dxc5 34. Rxc5 Qd7 35. Rd5 1-0

[Event "Najdorf Memorial"]
[Site "Warsaw POL"]
[Date "2023.07.12"]
[Round "2.40"]
[White "Smetek, Michal"]
[Black "Dylong, Antoni"]
[Result "1-0"]
[WhiteElo "1943"]
[BlackElo "2039"]

1. d4 Nf6 2. c4 e6 3. g3 c5 4. Nf3 cxd4 5. Nxd4 Nc6 6. Bg2 Be7 7. O-O O-O
8. Nc3 Qc7 9. b3 a6 10. Bb2 b6 11. Nxc6 dxc6 12. Qc2 Bb7 13. Ne4 Nxe4 14.
Qxe4 Rfd8 15. Rfd1 Rxd1+ 16. Rxd1 Rd8 17. Rxd8+ Qxd8 18. Bd4 Bf6 19. Bxf6
Qxf6 20. Qd3 Qe7 21. h4 h5 22. Qe4 Qd6 23. Qe3 Qc7 24. c5 b5 25. Qd4 Bc8
26. Qe4 Bd7 27. b4 g6 28. f4 Kg7 29. Qd3 Bc8 30. Kf2 Qd7 31. Qd6 Qxd6 32.
cxd6 Bd7 33. Ke3 f6 34. Kd4 Kf7 35. Kc5 e5 36. fxe5 fxe5 37. Bxc6 1-0

[Event "Najdorf Memorial"]
[Site "Warsaw POL"]
[Date "2023.07.13"]
[Round "3.1"]
[White "Kazakouski, Valery"]
[Black "Mis, Mieszko"]
[Result "1-0"]
[WhiteElo "2539"]
[BlackElo "2350"]

1. d4 Nf6 2. c4 e6 3. Nc3 Bb4 4. f3 d5 5. a3 Bd6 6. e4 c5 7. dxc5 Bxc5 8.
e5 Nfd7 9. f4 Nb6 10. b4 Bxg1 11. Rxg1 O-O 12. Be3 Nc6 13. Bc5 Ne7 14. Qd2
Bd7 15. Be2 Re8 16. cxd5 exd5 17. Kf2 Nf5 18. Rgd1 d4 19. Bxd4 Be6 20. Bc5
Qh4+ 21. Kg1 Red8 22. Qe1 Qxf4 23. Bf3 Rd7 24. Qe4 Qxe4 25. Bxe4 Rc8 26.
Nb5 Rcd8 27. Rxd7 Rxd7 28. Nxa7 Nc4 29. Nc8 Rc7 30. Nb6 Nxe5 31. Bxf5 Bxf5
32. Nd5 Rxc5 33. bxc5 Be6 34. Nb4 Bd7 35. Rd1 Kf8 36. Rd6 Ke8 37. Rb6 Bc8
38. c6 bxc6 39. Nxc6 Nc4 40. Rb3 Kd7 41. Rc3 Nd6 42. a4 Bb7 43. Ne5+ Ke6
44. Nd3 Kd5 45. Rc7 1-0

[Event "Najdorf Memorial"]
[Site "Warsaw POL"]
[Date "2023.07.13"]
[Round "3.2"]
[White "Kaczmarek, Aleksander"]
[Black "Rozentalis, Eduardas"]
[Result "1/2-1/2"]
[WhiteElo "2313"]
[BlackElo "2496"]

1. e4 e6 2. Nf3 d5 3. Nc3 Nf6 4. e5 Ne4 5. Ne2 Be7 6. d3 Ng5 7. Nxg5 Bxg5
8. Bxg5 Qxg5 9. f4 Qe7 10. c3 c5 11. d4 Nc6 12. dxc5 Qxc5 13. Nd4 O-O 14.
Bd3 Bd7 15. Bc2 Rfc8 16. Nxc6 Qe3+ 17. Qe2 Qxe2+ 18. Kxe2 bxc6 19. Kd2 c5
20. Rhf1 a5 21. g4 Ra6 22. h4 a4 23. f5 Rb8 24. Rab1 h6 25. h5 exf5 26.
gxf5 f6 27. e6 Be8 28. Rf4 Kf8 29. Rh4 Ra7 30. b4 axb3 31. axb3 Ra2 32. Kc1
Rb7 1/2-1/2

[Event "Najdorf Memorial"]
[Site "Warsaw POL"]
[Date "2023.07.13"]
[Round "3.3"]
[White "Sieciechowicz, Marcin"]
[Black "Yezhel, Valiantsin"]
[Result "1/2-1/2"]
[WhiteElo "2395"]
[BlackElo "2284"]

1. d4 d5 2. Nc3 Nf6 3. Bf4 a6 4. e3 e6 5. g4 c5 6. g5 Nfd7 7. Qg4 Nc6 8.
O-O-O Be7 9. Qg3 Qa5 10. Bc7 b6 11. Nge2 Bb7 12. Bg2 Na7 13. e4 dxe4 14.
Nxe4 Nb5 15. dxc5 Rc8 16. Rxd7 Kxd7 17. Rd1+ Bd5 18. Bxb6 Qxa2 19. N4c3
Qa1+ 20. Kd2 Qxb2 21. Nxd5 Bxc5 22. Bxc5 Rxc5 23. Ne3 Ke7 24. Ke1 Rd8 25.
Rxd8 Kxd8 26. Qh4 1/2-1/2

[Event "Najdorf Memorial"]
[Site "Warsaw POL"]
[Date "2023.07.13"]
[Round "3.4"]
[White "Langheinrich, Ferenc"]
[Black "Ladan, Nicholas"]
[Result "1-0"]
[WhiteElo "2385"]
[BlackElo "2260"]

1. b3 d5 2. Bb2 Bg4 3. f3 Bh5 4. h4 f6 5. d4 Nc6 6. e3 e5 7. Bb5 Bd6 8.
Bxc6+ bxc6 9. Ne2 Ne7 10. Nbc3 O-O 11. Qd2 Bf7 12. Na4 exd4 13. exd4 Nf5
14. O-O-O Re8 15. h5 Qe7 16. Nac3 Ne3 17. Rdg1 c5 18. g4 cxd4 19. Nxd4 c5
20. Nf5 Nxf5 21. Nxd5 Qe2 22. Nxf6+ Kh8 23. Qxe2 Rxe2 24. gxf5 Bf4+ 25. Kb1
Be5 26. Ne4 Bxb2 27. Kxb2 c4 28. h6 g6 29. Nd6 Rf8 30. Re1 Rxe1 31. Rxe1
Kg8 32. bxc4 gxf5 33. Re7 Bh5 34. Rg7+ Kh8 35. Rxa7 Bxf3 36. Nf7+ Kg8 37.
Ng5 Rb8+ 38. Kc3 Bb7 39. c5 Bd5 40. Rg7+ Kh8 41. Rxh7+ Kg8 42. Rg7+ Kh8 43.
Nf7+ 1-0